Bilecik Bilecik Bilecik Bilecik Bilecik

La revolte de Baba Resul ou La formation de l'heterodoxie musulmane en Anatolie au XIIIe siecle/ (Record no. 8428)

MARC details
000 -BAŞLIK
Sabit Uzunluktaki Kontrol Alanı 01623nam a22004577a 4500
001 - KONTROL NUMARASI
Control Dosyası 0008456
003 - KONTROL NUMARASI KİMLİĞİ
Kontrol Alanı KOHA_MİRAKIL
005 - EN SON İŞLEM TARİHİ ve ZAMANI
Kontrol Alanı 20260207001635.0
007 - FİZİKSEL TANIM SABİT ALAN - GENEL BİLGİ
Sabit uzunluklu kontrol alanı ta
008 - SABİT UZUNLUKTAKİ VERİ ÖGELERİ - GENEL BİLGİ
Sabit Alan 091009b1989 tu |||gr||||#||||0|fre |
020 ## - ISBN - ULUSLARARASI STANDART KİTAP NUMARASI
Isbn 9751601363
Kullanılabilirlik koşulları TL2,5
040 ## - KATALOGLAMA KAYNAĞI
Özgün Kataloglama Kurumu TR-BiSEU
Kataloglama Dili tur
Çeviri Kurumu TR-BiSEU
Açıklama Kuralları rda
041 0# - DİL KODU
Metin ya da ses kaydının dil kodu fre
044 ## - YAYINLAYAN/ÜRETEN KURULUŞUN ÜLKE KODU
ISO country code tu
050 ## - SINIFLAMA ve YER NUMARASI
Sınıflama Numarası BP188.8.T8
Yer Numarası O33 1989
100 1# - KİŞİ ADI
Yazar Adı (Kişi adı) Ocak, Ahmet Yaşar.
245 13 - ESER ADI BİLDİRİMİ
Başlık La revolte de Baba Resul ou La formation de l'heterodoxie musulmane en Anatolie au XIIIe siecle/
Sorumluluk Bildirimi Ahmet Yaşar Ocak ; Ahmet Yaşar Ocak.
264 #1 - ÜRERİM, YAYIN, DAĞITIM ve TELİF BİLDİRİMİ
Yayın yeri Ankara :
Yayınlayan Conseil Supreme D'Atatürk Pour Culture, Langue Et Histoire
Yayın tarihi 1989
300 ## - FİZİKSEL TANIMLAMA
Sayfa, Cilt vb. xv, 163 sayfa: hartia, tablo; 25 cm.
336 ## - İÇERİK TÜRÜ
Content type term metin
Content type code txt
Source rdacontent
337 ## - MEDYA TÜRÜ
Media type term aracısız
Media type code n
Source rdamedia
338 ## - TAŞIYICI TÜRÜ
Carrier type term cilt
Carrier type code nc
Source rdacarrier
490 1# - DİZİ BİLDİRİMİ
Dizi Bildirimi Publications de la Societe turque d'histoire.
490 1# - DİZİ BİLDİRİMİ
Dizi Bildirimi Serie VIII ;
Cilt Numarası no.
490 1# - DİZİ BİLDİRİMİ
Dizi Bildirimi 99.
500 ## - GENEL NOT
Genel Not Kaynakça ve dizin var.
650 #0 - KONU BAŞLIĞI EK GİRİŞ - KONU TERİMİ
Konusal terim veya coğrafi ad Baba İlyas, 13th century.
9 (RLIN) 21063
650 #0 - KONU BAŞLIĞI EK GİRİŞ - KONU TERİMİ
Konusal terim veya coğrafi ad Baba İlyas, 13. y.y.
9 (RLIN) 21064
650 #0 - KONU BAŞLIĞI EK GİRİŞ - KONU TERİMİ
Konusal terim veya coğrafi ad Baba İlyas, 13th century--Disciples.
9 (RLIN) 21065
650 #0 - KONU BAŞLIĞI EK GİRİŞ - KONU TERİMİ
Konusal terim veya coğrafi ad Baba İlyas, 13. y.y.--Müritler.
9 (RLIN) 21066
650 #0 - KONU BAŞLIĞI EK GİRİŞ - KONU TERİMİ
Konusal terim veya coğrafi ad Sufism-Turkey.
9 (RLIN) 21067
650 #0 - KONU BAŞLIĞI EK GİRİŞ - KONU TERİMİ
Konusal terim veya coğrafi ad Tasavvuf--Türkiye.
9 (RLIN) 21068
650 #0 - KONU BAŞLIĞI EK GİRİŞ - KONU TERİMİ
Konusal terim veya coğrafi ad Turkmen--Turkey--Religion.
9 (RLIN) 21069
650 #0 - KONU BAŞLIĞI EK GİRİŞ - KONU TERİMİ
Konusal terim veya coğrafi ad Türkmenler--Türkiye--Din.
9 (RLIN) 21070
650 #0 - KONU BAŞLIĞI EK GİRİŞ - KONU TERİMİ
Konusal terim veya coğrafi ad Seljuks--Turkey--Religion.
9 (RLIN) 21071
650 #0 - KONU BAŞLIĞI EK GİRİŞ - KONU TERİMİ
Konusal terim veya coğrafi ad Selçuklular--Türkiye--Din.
9 (RLIN) 21072
830 1# - SERİ EK GİRİŞİ - TEKBİÇİM ESER ADI
Tekbiçim Başlık Publications de la Societe turque d'histoire.
9 (RLIN) 21073
830 1# - SERİ EK GİRİŞİ - TEKBİÇİM ESER ADI
Tekbiçim Başlık Serie VIII ;
Volume number/sequential designation no.
9 (RLIN) 21074
830 1# - SERİ EK GİRİŞİ - TEKBİÇİM ESER ADI
Tekbiçim Başlık 99.
9 (RLIN) 18475
942 ## - EK GİRİŞ ÖGELERİ (KOHA)
Source of classification or shelving scheme Library of Congress Classification
Koha item type Book
Holdings
Materyal Türü Kalıcı Konum Mevcut Konum Raf Yeri Sınıflandırma Kaynağı Edinim Bilgisi Ana Konular Alt Konular Yer Numarası Demirbaş Numarası Fatura Tarihi Maliyet, Alış Fiyatı Maliyet, Yenileme Fiyatı Geri Çekilme Durumu Kayıp Durumu Hasarlı Durumu Kredi için değil Kayıt Tarih Toplam Ödünçverme Son Görülme Tarihi Son Kontrol Tarihi Satın Alma Notu
Book Prof. Dr. Azmi Özcan Kütüphanesi Prof. Dr. Azmi Özcan Kütüphanesi Uluğbey Salonu Library of Congress Classification Satın FELSEFE, PSİKOLOJİ, DİN İslam, Bahailik, Teozofi vb. BP188.8.T8 O33 1989 0008456 09/09/2009 2.50 2.50         09/10/2009   05/12/2024 05/12/2024 283